00898cam a2200229 a 4500999001700000001000700017005001700024008004100041010001700082020004000099020004100139050002200180100002700202245010000229260005600329300004100385600004500426600004000471700001900511942001500530952012300545 c26435d2643570770320170204114044.0970327s1997 ctua 000 0 eng  a 97010708  a0867130415 (hardcover : alk. paper) a0867130431 (clothbound : alk. paper)00aND237.B643A4 19971 aBlish, Carolyn,d1928-10aDrawing closer :bthe paintings and personal reflections of Carolyn Blish /cwith Elise Maclay. aShelton, Conn. :bGreenwich Workshop Press,cc1997. a152 p. :bill. (some col.) ;c26 cm.10aBlish, Carolyn,d1928-xThemes, motives.10aBlish, Carolyn,d1928-xPsychology.1 aMaclay, Elise. 2lcccBOOKS 00102lcc4070aMUCbMUCcTECHd2017-02-04eDonation(BFA)l0oND237.B643A4 1997p34101r2018-07-09w2017-02-04yBOOKS